| 000 | 00585nam a2200205 a 4500 | ||
|---|---|---|---|
| 005 | 20220523120655.0 | ||
| 008 | 991125s1967 es 000 0 spa u | ||
| 035 | _aUPN01000058525 | ||
| 049 | _aCG | ||
| 050 | 4 |
_aQH582.4 _bB8.98 |
|
| 100 | 1 | _aButter, J. A. V. | |
| 245 | 1 | 3 |
_aLa vida de la célula / _cJ. A. V. Butter ; tr. Juan Nassot Gimeno. |
| 260 |
_aBarcelona, Esp. : _bLabor, _c1967. |
||
| 300 |
_a194 p. : _bil. |
||
| 440 | 0 |
_aNueva colección Labor ; _v39 |
|
| 650 | 4 |
_aCITOLOGIA _910620 |
|
| 650 | 4 |
_aBIOLOGIA MOLECULAR _94945 |
|
| 650 | 2 |
_aCélulas _96543 |
|
| 905 | _aLibro | ||
| 999 |
_c58525 _d58525 |
||